Organic geochemistry of natural waters
Αποθηκεύτηκε σε:
| Κύριος συγγραφέας: | |
|---|---|
| Μορφή: | Βιβλίο |
| Γλώσσα: | English |
| Δημοσίευση: |
Dordrecht :
Martinus Nijhoff/Dr W. Junk Publishers,
1985
|
| Σειρά: | Developments in biogeochemistry ;
; 2 |
| Θέματα: | |
| Ετικέτες: |
Προσθήκη ετικέτας
Δεν υπάρχουν, Καταχωρήστε ετικέτα πρώτοι!
|
MARC
| LEADER | 00000nam a2200000 i 4500 | ||
|---|---|---|---|
| 001 | 1/17458 | ||
| 008 | 981006s1985 eng d | ||
| 020 | |a 90-247-3143-7 | ||
| 035 | |l 10020566 | ||
| 040 | |a GR-MY-UA |b gre |e aacr | ||
| 041 | 0 | |a eng | |
| 082 | 0 | |a 551.4 | |
| 100 | 1 | |a Thurman, E. M. |q (Earl Michael) |d 1946- | |
| 245 | 1 | 0 | |a Organic geochemistry of natural waters / |c by E. M. Thurman |
| 260 | |a Dordrecht : |b Martinus Nijhoff/Dr W. Junk Publishers, |c 1985 | ||
| 300 | |a xii, 497 σ.; |b πιν., διαγρ.; |c 25 εκ. | ||
| 490 | 1 | |a Developments in biogeochemistry |v ; 2 | |
| 504 | |a Περιέχει βιβλιογραφία (σ. 441-188) και ευρετήριο | ||
| 650 | 0 | 0 | |a Water chemistry. |
| 650 | 0 | 0 | |a Organic geochemistry. |
| 830 | 0 | |a Developments in biogeochemistry ; |v ; 2 | |
| 852 | |a INST |b LESVOS |e 19981006 |h 551.4 THU |p 005100012987 |q 005100012987 |t BK |y 0 | ||
| 852 | |a INST |b LESVOS |e 20051116 |h 551.4 THU |p 005100032961 |q 005100032961 |t BK |y 0 | ||
| 901 | |a BIBL-1998-3 | ||
| 901 | |a BIBL1-2005-3 | ||
| 909 | |a Λ |b 059165 | ||
| 909 | |a Λ |b 118698 | ||
| 920 | |a ΔΙΕΥΡΥΝΣΗ |b ΕΠΕΑΕΚ-ΤΕΘ |y ΛΕΣΒΟΣ |z 2005-10 | ||
| 922 | |a 1ΕΛΗ |b 19981016 |c ΚΠΣ/ΤΠ |d ΠΑΠΑΣΩΤΗΡΙΟΥ | ||
| 950 | |a 107-1998-06-03 | ||